Cómo poner fin a la pobreza /

Guardado en:
書目詳細資料
主要作者: Shiva, Vandana
格式: Texto
主題:
標簽: 添加標簽
沒有標簽, 成為第一個標記此記錄!

MARC

LEADER 00000 a a2200000 04500
001 11836
003
040
100 |a Shiva, Vandana  
245 |a Cómo poner fin a la pobreza /  |c Vandana Shiva 
650 |a POBREZA  
650 |a CULTURA  
650 |a TEORIA SOCIAL  
773 |g número 124; páginas 6-8  
999 |c 33042  |d 33042